[Event "12. Torneo de Promoción Almansa 2017 -B"]
[Site "Almansa ESP"]
[Date "2017.08.04"]
[Round "7.5"]
[White "Moya Albaladejo, Jose Antonio"]
[Black "Plata Fernandez, Diego"]
[Result "1-0"]
[WhiteElo "1925"]
[BlackElo "1769"]
[PlyCount "93"]
[EventDate "2017.08.01"]
[EventType "swiss"]
[EventRounds "9"]
[EventCountry "ESP"]
[SourceTitle "Ajedrez en Madrid"]
[Source "lmi"]
[SourceDate "2017.08.01"]
[SourceVersion "1"]
[SourceVersionDate "2017.08.11"]
[SourceQuality "1"]

1. Nf3 c5 2. c4 Nf6 3. Nc3 Nc6 4. d4 cxd4 5. Nxd4 d5 6. cxd5 Nxd5 7. Nxc6 bxc6
8. Bd2 e5 9. g3 Be7 10. Bg2 O-O 11. O-O Rb8 12. Na4 Be6 13. Rc1 Qd7 14. b3 Rb5
15. Qc2 c5 16. Rfd1 Qc8 17. Bf1 Bh3 18. Qc4 Nc7 19. Bxh3 Qxh3 20. e4 Rd8 21.
Be3 Rxd1+ 22. Rxd1 Rb4 23. Qe2 Rd4 24. Bxd4 cxd4 25. Qc4 Qd7 26. Rc1 Ne8 27.
Nc5 Qc6 28. f3 g6 29. Nd3 Qf6 30. Kg2 Nd6 31. Qd5 Qg5 32. f4 exf4 33. Qxg5 Bxg5
34. gxf4 Bh4 35. Kf3 Nb5 36. Rc4 Kf8 37. a4 Nd6 38. Rxd4 Be7 39. Rd5 Ke8 40. b4
Nc8 41. Ne5 Nb6 42. Ra5 Nc8 43. Nc6 Bd8 44. Nxd8 Kxd8 45. Kg4 h6 46. h4 Kd7 47.
f5 1-0

[Event "12. Torneo de Promoción Almansa 2017 -B"]
[Site "Almansa ESP"]
[Date "2017.08.04"]
[Round "7.6"]
[White "Martinez Sanchez, Gregorio"]
[Black "Perez Garcia, Francisco Jose"]
[Result "1/2-1/2"]
[WhiteElo "1982"]
[BlackElo "1781"]
[PlyCount "82"]
[EventDate "2017.08.01"]
[EventType "swiss"]
[EventRounds "9"]
[EventCountry "ESP"]
[SourceTitle "Ajedrez en Madrid"]
[Source "lmi"]
[SourceDate "2017.08.01"]
[SourceVersion "1"]
[SourceVersionDate "2017.08.11"]
[SourceQuality "1"]

1. e4 c5 2. Nf3 e6 3. d4 cxd4 4. Nxd4 a6 5. Bd3 Qc7 6. Nb3 Nf6 7. Be3 Be7 8.
O-O O-O 9. Nc3 Nc6 10. f4 d6 11. Qf3 b5 12. a3 Bb7 13. Qh3 h6 14. Nd4 Nxd4 15.
Bxd4 e5 16. Be3 Rad8 17. Kh1 d5 18. exd5 Nxd5 19. Nxd5 Bxd5 20. fxe5 Qxe5 21.
Rae1 Qd6 22. Bf4 Qd7 23. Bf5 Qb7 24. Bxh6 gxh6 25. Qg3+ Bg5 26. h4 Bxg2+ 27.
Qxg2 Qxg2+ 28. Kxg2 Bxh4 29. Rd1 Rxd1 30. Rxd1 Rd8 31. Rxd8+ Bxd8 32. Bc8 a5
33. Ba6 b4 34. axb4 axb4 35. c3 Be7 36. cxb4 Bxb4 37. Kg3 Kg7 38. Kg4 Kf6 39.
Bc4 Kg6 40. Bd3+ Kf6 41. Bc4 Ke7 1/2-1/2

[Event "12. Torneo de Promoción Almansa 2017 -B"]
[Site "Almansa ESP"]
[Date "2017.08.04"]
[Round "7.7"]
[White "Lagunas Gualda, Guillermo"]
[Black "Gazquez Corral, Alba"]
[Result "1-0"]
[WhiteElo "1874"]
[BlackElo "1760"]
[PlyCount "67"]
[EventDate "2017.08.01"]
[EventType "swiss"]
[EventRounds "9"]
[EventCountry "ESP"]
[SourceTitle "Ajedrez en Madrid"]
[Source "lmi"]
[SourceDate "2017.08.01"]
[SourceVersion "1"]
[SourceVersionDate "2017.08.11"]
[SourceQuality "1"]

1. c4 e5 2. Nc3 Nf6 3. g3 c6 4. Bg2 d5 5. cxd5 cxd5 6. d4 exd4 7. Qxd4 Nc6 8.
Qd1 Be6 9. e3 Bb4 10. Nge2 O-O 11. O-O Rc8 12. a3 Ba5 13. b4 Bc7 14. Bb2 Qd7
15. Nb5 Be5 16. Nbd4 Bg4 17. f3 Bh5 18. Nf4 Rfe8 19. Bh3 Qe7 20. Bxc8 Rxc8 21.
Nxh5 Nxh5 22. Nxc6 Rxc6 23. Bxe5 Qxe5 24. Qd4 Qg5 25. Qxa7 h6 26. Kg2 Rg6 27.
Qxb7 Nxg3 28. Qb8+ Kh7 29. hxg3 Qxe3 30. Rf2 f5 31. Raa2 f4 32. g4 h5 33. Rfe2
Qd4 34. Re8 1-0

[Event "12. Torneo de Promoción Almansa 2017 -B"]
[Site "Almansa ESP"]
[Date "2017.08.04"]
[Round "7.9"]
[White "Guillen Beltran, Juan"]
[Black "Villodre Miranda, Juan Alonso"]
[Result "1-0"]
[WhiteElo "1801"]
[BlackElo "1608"]
[PlyCount "27"]
[EventDate "2017.08.01"]
[EventType "swiss"]
[EventRounds "9"]
[EventCountry "ESP"]
[SourceTitle "Ajedrez en Madrid"]
[Source "lmi"]
[SourceDate "2017.08.01"]
[SourceVersion "1"]
[SourceVersionDate "2017.08.11"]
[SourceQuality "1"]

1. e4 e6 2. d4 d5 3. Nd2 f5 4. exf5 exf5 5. Ngf3 Nf6 6. Ne5 Bd6 7. Ndf3 O-O 8.
Bd3 Ne4 9. O-O Nd7 10. c4 c6 11. Qb3 Bxe5 12. cxd5 Bxh2+ 13. Kxh2 Qc7+ 14. d6+
1-0

[Event "12. Torneo de Promoción Almansa 2017 -B"]
[Site "Almansa ESP"]
[Date "2017.08.04"]
[Round "7.10"]
[White "Losa Ordonez, Juan Jose"]
[Black "Perez Hernandez, Juan S"]
[Result "0-1"]
[WhiteElo "1749"]
[BlackElo "1786"]
[PlyCount "72"]
[EventDate "2017.08.01"]
[EventType "swiss"]
[EventRounds "9"]
[EventCountry "ESP"]
[SourceTitle "Ajedrez en Madrid"]
[Source "lmi"]
[SourceDate "2017.08.01"]
[SourceVersion "1"]
[SourceVersionDate "2017.08.11"]
[SourceQuality "1"]

1. e4 e5 2. Nf3 Nc6 3. Bb5 Bc5 4. O-O d6 5. h3 Nf6 6. Re1 O-O 7. c3 h6 8. d4
exd4 9. cxd4 Bb4 10. Nc3 Bd7 11. Qd3 Ba5 12. a3 Ne7 13. Bc4 d5 14. exd5 Bf5 15.
Qd1 Nexd5 16. Nxd5 Nxd5 17. b4 Bb6 18. Qb3 Be6 19. Bb2 c6 20. Rad1 Re8 21. Ne5
Nc7 22. Nxf7 Kxf7 23. Bxe6+ Rxe6 24. Rd3 Qd5 25. Rf3+ Rf6 26. Rxf6+ Kxf6 27.
Qg3 Re8 28. Re5 Rxe5 29. dxe5+ Kf7 30. Qf4+ Kg8 31. Qg4 Qe6 32. Qe4 Nd5 33. Qh4
Qf5 34. Qg3 Qb1+ 35. Kh2 Qxb2 36. e6 Bc7 0-1

[Event "12. Torneo de Promoción Almansa 2017 -B"]
[Site "Almansa ESP"]
[Date "2017.08.04"]
[Round "7.11"]
[White "Carrasco Rubio, David"]
[Black "Perales Paton, Miguel"]
[Result "1-0"]
[WhiteElo "1696"]
[BlackElo "1850"]
[PlyCount "67"]
[EventDate "2017.08.01"]
[EventType "swiss"]
[EventRounds "9"]
[EventCountry "ESP"]
[SourceTitle "Ajedrez en Madrid"]
[Source "lmi"]
[SourceDate "2017.08.01"]
[SourceVersion "1"]
[SourceVersionDate "2017.08.11"]
[SourceQuality "1"]

1. e4 c5 2. Nf3 e6 3. d4 cxd4 4. Nxd4 Nf6 5. Nc3 Nc6 6. Nxc6 bxc6 7. Bd3 Qc7 8.
O-O Be7 9. f4 Ba6 10. e5 Nd5 11. Ne4 Bxd3 12. Qxd3 O-O 13. a3 f6 14. c4 Nb6 15.
Nd6 fxe5 16. fxe5 Rxf1+ 17. Kxf1 Rf8+ 18. Kg1 Bxd6 19. exd6 Qd8 20. Be3 Qf6 21.
Bd4 e5 22. Be3 Qf5 23. Qb3 Qe6 24. Rc1 Nc8 25. Rd1 Nxd6 26. Bc5 Qf5 27. h3 e4
28. Bxd6 Qf2+ 29. Kh2 e3 30. Bxf8 Qf4+ 31. Kh1 e2 32. Rg1 Qd2 33. Bb4 e1=Q 34.
Rxe1 1-0

[Event "12. Torneo de Promoción Almansa 2017 -B"]
[Site "Almansa ESP"]
[Date "2017.08.05"]
[Round "8.1"]
[White "Hernandez Torralba, Sergio"]
[Black "Jarque Megias, Juan Jose"]
[Result "0-1"]
[WhiteElo "1870"]
[BlackElo "1937"]
[PlyCount "68"]
[EventDate "2017.08.01"]
[EventType "swiss"]
[EventRounds "9"]
[EventCountry "ESP"]
[SourceTitle "Ajedrez en Madrid"]
[Source "lmi"]
[SourceDate "2017.08.01"]
[SourceVersion "1"]
[SourceVersionDate "2017.08.11"]
[SourceQuality "1"]

1. e4 c5 2. Nf3 e6 3. d4 cxd4 4. Nxd4 Nc6 5. Nc3 a6 6. Be3 Nf6 7. Be2 Bb4 8. f3
O-O 9. O-O Bxc3 10. bxc3 d5 11. exd5 Nxd5 12. Nxc6 bxc6 13. Bd4 Qg5 14. f4 Nxf4
15. Bf3 e5 16. Bb6 Qg6 17. Re1 Bh3 18. g3 Rfe8 19. Qd2 Bf5 20. Kh1 Nd5 21. Ba5
e4 22. Bg2 e3 23. Qd4 Be4 24. c4 Bxg2+ 25. Kxg2 Qxc2+ 26. Kg1 Re4 27. Qd1 Qxc4
28. Rc1 Qxa2 29. Ra1 Qc4 30. Re2 Rae8 31. Rc1 Qb5 32. Be1 Rc4 33. Rb1 Qc5 34.
Ra1 f5 0-1

[Event "12. Torneo de Promoción Almansa 2017 -B"]
[Site "Almansa ESP"]
[Date "2017.08.05"]
[Round "8.2"]
[White "Castillo Garcia, Adrian"]
[Black "Sanchez Serrano, Emilio"]
[Result "1-0"]
[WhiteElo "1967"]
[BlackElo "1928"]
[PlyCount "157"]
[EventDate "2017.08.01"]
[EventType "swiss"]
[EventRounds "9"]
[EventCountry "ESP"]
[SourceTitle "Ajedrez en Madrid"]
[Source "lmi"]
[SourceDate "2017.08.01"]
[SourceVersion "1"]
[SourceVersionDate "2017.08.11"]
[SourceQuality "1"]

1. d4 d5 2. Nc3 Nf6 3. Bf4 e6 4. e3 Be7 5. Nf3 O-O 6. Bd3 a6 7. Ne2 c5 8. c3
Nc6 9. Ne5 Nh5 10. Bg3 Nxe5 11. Bxe5 f6 12. Bg3 g6 13. O-O Nxg3 14. fxg3 e5 15.
dxe5 fxe5 16. e4 Be6 17. exd5 Qxd5 18. Qc2 Kg7 19. Be4 Qd7 20. Rad1 Qc7 21. c4
Rxf1+ 22. Rxf1 Rd8 23. b3 b5 24. h4 Qd6 25. Qc3 bxc4 26. bxc4 Bf6 27. Kh2 Bg4
28. Ng1 Qd4 29. Qc2 Be6 30. Rc1 Qd2 31. Qb1 Qd6 32. Nf3 Rb8 33. Qc2 Qb6 34. Qd1
Bg4 35. Rb1 Qc7 36. Qd3 Rxb1 37. Qxb1 Be6 38. Qd3 Qd7 39. Qb3 Qf7 40. Nd2 Qd7
41. Qc2 Qd4 42. Bd3 Be7 43. Nf3 Qd6 44. Qe2 Bf6 45. Be4 Bf7 46. g4 Kg8 47. g5
Bg7 48. Ne1 Qd4 49. Nf3 Qxc4 50. Bd3 Qxa2 51. Bxa6 Qxe2 52. Bxe2 Bd5 53. Nd2
Kf7 54. Kg3 Ke6 55. Bd3 Kd6 56. h5 Bf7 57. Kf3 Be8 58. h6 Bc6+ 59. Be4 Bf8 60.
Nc4+ Kc7 61. Nxe5 Be8 62. Ng4 Be7 63. Kf4 Kd6 64. Bc2 Bf7 65. Nf2 Bd8 66. Ne4+
Kc6 67. Ke5 c4 68. Nf6 Bc7+ 69. Ke4 Be6 70. Ba4+ Kc5 71. Nxh7 Bf5+ 72. Ke3 Bd6
73. Nf6 Bf8 74. Ne8 Bxh6 75. gxh6 g5 76. Nf6 Kb4 77. Bd1 c3 78. h7 c2 79. Bxc2
1-0

[Event "12. Torneo de Promoción Almansa 2017 -B"]
[Site "Almansa ESP"]
[Date "2017.08.05"]
[Round "8.3"]
[White "Amoros Moran, Jose Joaquin"]
[Black "Perez Garcia, Jose Miguel"]
[Result "1/2-1/2"]
[WhiteElo "1900"]
[BlackElo "1956"]
[PlyCount "160"]
[EventDate "2017.08.01"]
[EventType "swiss"]
[EventRounds "9"]
[EventCountry "ESP"]
[SourceTitle "Ajedrez en Madrid"]
[Source "lmi"]
[SourceDate "2017.08.01"]
[SourceVersion "1"]
[SourceVersionDate "2017.08.11"]
[SourceQuality "1"]

1. e4 c5 2. Nf3 e6 3. d4 cxd4 4. Nxd4 a6 5. c4 Nf6 6. Nc3 Qc7 7. Be3 b6 8. a3
Bb7 9. Bd3 Nc6 10. Nxc6 dxc6 11. Qe2 Rd8 12. h3 Bd6 13. O-O Bf4 14. Rfd1 Bxe3
15. Qxe3 e5 16. c5 b5 17. Be2 O-O 18. b4 Rfe8 19. Rxd8 Rxd8 20. Rd1 Rxd1+ 21.
Bxd1 Qd8 22. Bb3 Bc8 23. Nb1 Kf8 24. Nd2 Ne8 25. Nf3 f6 26. Qd2 Qxd2 27. Nxd2
Nc7 28. Kf1 Be6 29. h4 Ke7 30. g3 Kd7 31. Ke2 g6 32. Ke3 h6 33. f3 Ke7 34. Bd1
a5 35. Kd3 axb4 36. axb4 f5 37. g4 fxg4 38. fxg4 Bd7 39. Nf1 Ne6 40. Ne3 Nf4+
41. Kd2 Be6 42. Kc3 Kf6 43. Kd2 Bg8 44. Bf3 Ba2 45. Kc3 Ne6 46. Be2 Nd4 47. Bd3
Bf7 48. Kd2 Nf3+ 49. Ke2 Nxh4 50. Kf2 Kg5 51. Kg3 Be6 52. Bc2 h5 53. Bd1 Bxg4
54. Bxg4 hxg4 55. Nxg4 Nf5+ 56. exf5 Kxf5 57. Nf2 e4 58. Ng4 g5 59. Ne3+ Ke5
60. Kf2 Kd4 61. Ke2 Kc3 62. Nd5+ Kc4 63. Ne7 Kxb4 64. Nxc6+ Kxc5 65. Ne7 b4 66.
Nf5 Kd5 67. Ne3+ Ke5 68. Nd1 Kd4 69. Kd2 g4 70. Ne3 Ke5 71. Nxg4+ Kf4 72. Ne3
b3 73. Nc4 Kf3 74. Kc3 Ke2 75. Kxb3 Kd3 76. Kb4 Kd4 77. Kb5 Kc3 78. Kc5 Kd3 79.
Kd5 Kc3 80. Kxe4 Kxc4 1/2-1/2

[Event "12. Torneo de Promoción Almansa 2017 -B"]
[Site "Almansa ESP"]
[Date "2017.08.05"]
[Round "8.6"]
[White "Perez Hernandez, Juan S"]
[Black "Lagunas Gualda, Guillermo"]
[Result "0-1"]
[WhiteElo "1786"]
[BlackElo "1874"]
[PlyCount "82"]
[EventDate "2017.08.01"]
[EventType "swiss"]
[EventRounds "9"]
[EventCountry "ESP"]
[SourceTitle "Ajedrez en Madrid"]
[Source "lmi"]
[SourceDate "2017.08.01"]
[SourceVersion "1"]
[SourceVersionDate "2017.08.11"]
[SourceQuality "1"]

1. d4 Nf6 2. Bf4 g6 3. Nf3 Bg7 4. e3 O-O 5. Nbd2 Nh5 6. Bg5 h6 7. Bh4 g5 8. Ne5
Nf6 9. Bg3 d6 10. Nd3 Bf5 11. Be2 c6 12. c3 Nbd7 13. O-O Re8 14. Ne1 e5 15. Nc4
Ne4 16. Bd3 Nxg3 17. fxg3 Bxd3 18. Qxd3 e4 19. Qe2 Qe7 20. Nc2 d5 21. Nd2 Qe6
22. b3 c5 23. Rac1 Rac8 24. Qf2 Rc7 25. b4 cxd4 26. Nxd4 Bxd4 27. cxd4 Rec8 28.
Nb3 b6 29. Qd2 Rc4 30. Rxc4 dxc4 31. Qc2 Nf6 32. Nd2 c3 33. Nb3 Nd5 34. Rc1
Nxb4 35. Qe2 a5 36. Nc5 bxc5 37. Rxc3 cxd4 38. Rxc8+ Qxc8 39. exd4 Qc2 40. Qb5
Qd1+ 41. Kf2 Nd3+ 0-1

[Event "12. Torneo de Promoción Almansa 2017 -B"]
[Site "Almansa ESP"]
[Date "2017.08.05"]
[Round "8.7"]
[White "Guillen Beltran, Juan"]
[Black "Martinez Sanchez, Gregorio"]
[Result "0-1"]
[WhiteElo "1801"]
[BlackElo "1982"]
[PlyCount "61"]
[EventDate "2017.08.01"]
[EventType "swiss"]
[EventRounds "9"]
[EventCountry "ESP"]
[SourceTitle "Ajedrez en Madrid"]
[Source "lmi"]
[SourceDate "2017.08.01"]
[SourceVersion "1"]
[SourceVersionDate "2017.08.11"]
[SourceQuality "1"]

1. e4 c5 2. Nf3 e6 3. d4 cxd4 4. Nxd4 Nf6 5. Bd3 Nc6 6. Nb3 d5 7. exd5 Nxd5 8.
N1d2 Be7 9. O-O O-O 10. Nf3 e5 11. Re1 Qc7 12. Bxh7+ Kxh7 13. Qxd5 Be6 14. Qd1
Rad8 15. Qe2 f6 16. c3 Rb8 17. Be3 Kg8 18. Bc5 Kf7 19. Bxe7 Nxe7 20. Rad1 Rfe8
21. Nbd4 Bc4 22. Nb5 Bxe2 23. Nxc7 Bxd1 24. Nxe5+ fxe5 25. Nxe8 Rxe8 26. Rxd1
Nc6 27. Kf1 Rd8 28. Rc1 Rd2 29. Rb1 Kf6 30. g3 e4 31. h3 0-1

[Event "12. Torneo de Promoción Almansa 2017 -B"]
[Site "Almansa ESP"]
[Date "2017.08.05"]
[Round "8.8"]
[White "Portero Bravo, Aitana"]
[Black "Molla Gil, Pablo"]
[Result "0-1"]
[WhiteElo "1446"]
[BlackElo "1882"]
[PlyCount "106"]
[EventDate "2017.08.01"]
[EventType "swiss"]
[EventRounds "9"]
[EventCountry "ESP"]
[SourceTitle "Ajedrez en Madrid"]
[Source "lmi"]
[SourceDate "2017.08.01"]
[SourceVersion "1"]
[SourceVersionDate "2017.08.11"]
[SourceQuality "1"]

1. e4 e5 2. Nf3 Nc6 3. Bb5 a6 4. Ba4 Nf6 5. O-O Be7 6. Re1 b5 7. Bb3 d6 8. h3
O-O 9. c3 Na5 10. Bc2 c5 11. d4 Qc7 12. Nbd2 Re8 13. Nb3 Nxb3 14. Bxb3 c4 15.
Bc2 Bb7 16. Bd2 Bf8 17. Qb1 g6 18. Nh4 Bg7 19. f4 Bh6 20. dxe5 dxe5 21. fxe5
Bxd2 22. Re2 Bxc3 23. bxc3 Qxe5 24. Qe1 Nxe4 25. Bxe4 Bxe4 26. Nf3 Qc5+ 27. Kh1
f5 28. Ng5 Bc6 29. Qh4 Qa7 30. Rae1 Rxe2 31. Rxe2 Re8 32. Re1 Rxe1+ 33. Qxe1
Qd7 34. Qe2 Bd5 35. Qd2 Qc6 36. Qe2 h6 37. Nf3 Bxf3 38. gxf3 Kf7 39. Kg2 Qf6
40. Qe1 Qg5+ 41. Kh2 h5 42. Qf2 h4 43. Qa7+ Qe7 44. Qf2 Qe5+ 45. Kh1 Qxc3 46.
Qa7+ Kg8 47. Qb8+ Kh7 48. Qa7+ Kh6 49. Qf2 Qc1+ 50. Kg2 Qg5+ 51. Kh1 c3 52. a3
Qc1+ 53. Kh2 Qb2 0-1

[Event "12. Torneo de Promoción Almansa 2017 -B"]
[Site "Almansa ESP"]
[Date "2017.08.05"]
[Round "8.9"]
[White "Fernandez Calzada, Juan A"]
[Black "Carrasco Rubio, David"]
[Result "1-0"]
[WhiteElo "1799"]
[BlackElo "1696"]
[PlyCount "89"]
[EventDate "2017.08.01"]
[EventType "swiss"]
[EventRounds "9"]
[EventCountry "ESP"]
[SourceTitle "Ajedrez en Madrid"]
[Source "lmi"]
[SourceDate "2017.08.01"]
[SourceVersion "1"]
[SourceVersionDate "2017.08.11"]
[SourceQuality "1"]

1. e4 e5 2. Nf3 Nc6 3. Bb5 g6 4. O-O Bg7 5. Re1 Nge7 6. c3 a6 7. Ba4 O-O 8. d3
h6 9. Be3 b5 10. Bc2 d5 11. exd5 Nxd5 12. Bc1 Bf5 13. Nbd2 b4 14. c4 Nf4 15.
Ne4 Bg4 16. Be3 Ne6 17. h3 Bxf3 18. Qxf3 Ncd4 19. Qd1 f5 20. Nd2 Nxc2 21. Qxc2
f4 22. Ne4 fxe3 23. fxe3 c5 24. Rad1 Qc7 25. Qe2 Ng5 26. Nf2 Rad8 27. e4 Kh7
28. Qg4 Qd7 29. Qg3 Qd4 30. Re2 Rf7 31. Kh2 Rdf8 32. Ng4 h5 33. Ne3 Nxe4 34.
dxe4 Qxe4 35. Rde1 Bh6 36. Ng4 Qxe2 37. Nxh6 Qxb2 38. Nxf7 Rxf7 39. Rxe5 Qxa2
40. Rg5 Rg7 41. Rxc5 b3 42. Qd3 Qf2 43. Rxh5+ Kg8 44. Qd8+ Qf8 45. Rh8+ 1-0

[Event "12. Torneo de Promoción Almansa 2017 -B"]
[Site "Almansa ESP"]
[Date "2017.08.05"]
[Round "8.10"]
[White "Perez Garcia, Francisco Jose"]
[Black "Lopez Escribano, Andrea"]
[Result "0-1"]
[WhiteElo "1781"]
[BlackElo "1504"]
[PlyCount "68"]
[EventDate "2017.08.01"]
[EventType "swiss"]
[EventRounds "9"]
[EventCountry "ESP"]
[SourceTitle "Ajedrez en Madrid"]
[Source "lmi"]
[SourceDate "2017.08.01"]
[SourceVersion "1"]
[SourceVersionDate "2017.08.11"]
[SourceQuality "1"]

1. c4 c6 2. Nf3 d5 3. e3 Nf6 4. Nc3 e6 5. a3 dxc4 6. Bxc4 b5 7. Be2 a6 8. b4 c5
9. bxc5 Bxc5 10. O-O O-O 11. Bb2 Bb7 12. Rc1 Qe7 13. Qb3 Nbd7 14. d4 Bd6 15. e4
Nxe4 16. d5 Nxc3 17. Qxc3 e5 18. Rcd1 Rac8 19. Qe3 Bc5 20. d6 Bxd6 21. Qd2 Rc6
22. Ng5 Nc5 23. Bf3 Rb6 24. Bxb7 Nxb7 25. Qe3 Bc5 26. Qg3 Rg6 27. h4 h6 28.
Bxe5 hxg5 29. h5 Rh6 30. Rfe1 Re6 31. Bc3 Rd8 32. Rc1 Re8 33. Rxe6 Qxe6 34.
Qxg5 Qh6 0-1

[Event "12. Torneo de Promoción Almansa 2017 -B"]
[Site "Almansa ESP"]
[Date "2017.08.05"]
[Round "8.11"]
[White "Navio Lopez, Manuel"]
[Black "Martinez Hernandez, Paula"]
[Result "1/2-1/2"]
[WhiteElo "1667"]
[BlackElo "1805"]
[PlyCount "58"]
[EventDate "2017.08.01"]
[EventType "swiss"]
[EventRounds "9"]
[EventCountry "ESP"]
[SourceTitle "Ajedrez en Madrid"]
[Source "lmi"]
[SourceDate "2017.08.01"]
[SourceVersion "1"]
[SourceVersionDate "2017.08.11"]
[SourceQuality "1"]

1. d4 f5 2. Bf4 d6 3. e3 Nf6 4. Nc3 g6 5. h4 h6 6. Bd3 Nc6 7. Nf3 Bg7 8. Qd2 e6
9. O-O-O Qe7 10. e4 e5 11. exf5 gxf5 12. dxe5 dxe5 13. Bxe5 Be6 14. Rhe1 O-O-O
15. Qf4 Nh5 16. Qa4 Nxe5 17. Nxe5 Qc5 18. f4 Rd4 19. Qb5 Qd6 20. Ng6 a6 21. Qa5
Re8 22. Bxf5 Nxf4 23. Rxd4 Qxd4 24. Bxe6+ Rxe6 25. Rxe6 Nxe6 26. Qd5 Qf6 27.
Qe4 c6 28. Kd2 h5 29. g3 Qf2+ 1/2-1/2

[Event "12. Torneo de Promoción Almansa 2017 -B"]
[Site "Almansa ESP"]
[Date "2017.08.06"]
[Round "9.1"]
[White "Jarque Megias, Juan Jose"]
[Black "Lagunas Gualda, Guillermo"]
[Result "1/2-1/2"]
[WhiteElo "1937"]
[BlackElo "1874"]
[PlyCount "77"]
[EventDate "2017.08.01"]
[EventType "swiss"]
[EventRounds "9"]
[EventCountry "ESP"]
[SourceTitle "Ajedrez en Madrid"]
[Source "lmi"]
[SourceDate "2017.08.01"]
[SourceVersion "1"]
[SourceVersionDate "2017.08.11"]
[SourceQuality "1"]

1. e4 d6 2. d4 g6 3. Be3 Bg7 4. Qd2 a6 5. Nc3 Nd7 6. h4 Ngf6 7. f3 b5 8. g4 Bb7
9. h5 Rg8 10. O-O-O Rc8 11. Bh3 e6 12. h6 Bh8 13. Nce2 c5 14. g5 Nxe4 15. fxe4
Bxe4 16. Rh2 Bxc2 17. Qxc2 cxd4 18. Nxd4 Bxd4 19. Rxd4 Rxc2+ 20. Rxc2 Ne5 21.
b3 Ke7 22. Bg2 Qd7 23. Bd2 Rc8 24. Bb4 Rxc2+ 25. Kxc2 Nc6 26. Bxd6+ Ke8 27. Rd3
Ne7 28. Bxe7 Qxe7 29. Nf3 Qc5+ 30. Kb2 Qf2+ 31. Rd2 Qe3 32. Kc2 e5 33. Kd1 b4
34. Nxe5 Qg1+ 35. Kc2 Qc5+ 36. Nc4 Qxg5 37. Nd6+ Kf8 38. Ne4 Qxh6 39. Nc5
1/2-1/2

[Event "12. Torneo de Promoción Almansa 2017 -B"]
[Site "Almansa ESP"]
[Date "2017.08.06"]
[Round "9.2"]
[White "Perez Garcia, Jose Miguel"]
[Black "Castillo Garcia, Adrian"]
[Result "1/2-1/2"]
[WhiteElo "1956"]
[BlackElo "1967"]
[PlyCount "52"]
[EventDate "2017.08.01"]
[EventType "swiss"]
[EventRounds "9"]
[EventCountry "ESP"]
[SourceTitle "Ajedrez en Madrid"]
[Source "lmi"]
[SourceDate "2017.08.01"]
[SourceVersion "1"]
[SourceVersionDate "2017.08.11"]
[SourceQuality "1"]

1. d4 Nf6 2. c4 g6 3. Nc3 Bg7 4. e4 d6 5. Be2 O-O 6. Nf3 e5 7. dxe5 dxe5 8.
Qxd8 Rxd8 9. Bg5 Re8 10. Nd5 Nxd5 11. cxd5 c6 12. Bc4 cxd5 13. Bxd5 Nd7 14. Nd2
Nb6 15. Bb3 Be6 16. Bxe6 Rxe6 17. Ke2 Bf6 18. Bxf6 Rxf6 19. Rac1 Rd6 20. Rhd1
Rad8 21. Nb1 f6 22. f3 Kf7 23. Rxd6 Rxd6 24. Rc7+ Rd7 25. Rxd7+ Nxd7 26. Nd2
Ke6 1/2-1/2

[Event "12. Torneo de Promoción Almansa 2017 -B"]
[Site "Almansa ESP"]
[Date "2017.08.06"]
[Round "9.3"]
[White "Burgos Olmos, Mario"]
[Black "Amoros Moran, Jose Joaquin"]
[Result "1/2-1/2"]
[WhiteElo "1860"]
[BlackElo "1900"]
[PlyCount "42"]
[EventDate "2017.08.01"]
[EventType "swiss"]
[EventRounds "9"]
[EventCountry "ESP"]
[SourceTitle "Ajedrez en Madrid"]
[Source "lmi"]
[SourceDate "2017.08.01"]
[SourceVersion "1"]
[SourceVersionDate "2017.08.11"]
[SourceQuality "1"]

1. Nf3 Nf6 2. g3 b6 3. Bg2 Bb7 4. b3 e6 5. Bb2 Be7 6. O-O O-O 7. c4 c5 8. Nc3
Nc6 9. e3 d5 10. cxd5 exd5 11. d4 Ne4 12. Rc1 Ba6 13. Re1 Nb4 14. Nxe4 dxe4 15.
Ne5 f6 16. Bxe4 fxe5 17. Qh5 g6 18. Bxg6 hxg6 19. Qxg6+ Kh8 20. Qh6+ Kg8 21.
Qg6+ Kh8 1/2-1/2

[Event "12. Torneo de Promoción Almansa 2017 -B"]
[Site "Almansa ESP"]
[Date "2017.08.06"]
[Round "9.4"]
[White "Martinez Sanchez, Gregorio"]
[Black "Hernandez Torralba, Sergio"]
[Result "1-0"]
[WhiteElo "1982"]
[BlackElo "1870"]
[PlyCount "85"]
[EventDate "2017.08.01"]
[EventType "swiss"]
[EventRounds "9"]
[EventCountry "ESP"]
[SourceTitle "Ajedrez en Madrid"]
[Source "lmi"]
[SourceDate "2017.08.01"]
[SourceVersion "1"]
[SourceVersionDate "2017.08.11"]
[SourceQuality "1"]

1. d4 Nf6 2. c4 c5 3. d5 e6 4. Nc3 exd5 5. Nxd5 d6 6. Bg5 Nbd7 7. Qa4 Be7 8.
Nxe7 Qxe7 9. Nf3 O-O 10. e3 h6 11. Bh4 Ne5 12. Be2 Bd7 13. Qc2 Bc6 14. Qf5 g5
15. Bg3 Be4 16. Qh3 g4 17. Qxh6 gxf3 18. gxf3 Bh7 19. Bh4 Ng6 20. Qg5 Kg7 21.
f4 Nd5 22. cxd5 Qxg5 23. Bxg5 f6 24. f5 fxg5 25. fxg6 Bxg6 26. Rg1 Kh6 27. f3
Rae8 28. Kd2 Re5 29. e4 Bh5 30. Rg3 Rfe8 31. Rh3 Kg6 32. f4 gxf4 33. Rg1+ Kh6
34. Bf3 Rf8 35. Rg4 Rf6 36. Rgh4 Kg7 37. Rxh5 Rg6 38. Rh7+ Kf6 39. Rxb7 a5 40.
Rh4 Rg1 41. Rxf4+ Kg5 42. Rf8 Kh6 43. Rf6+ 1-0

[Event "12. Torneo de Promoción Almansa 2017 -B"]
[Site "Almansa ESP"]
[Date "2017.08.06"]
[Round "9.5"]
[White "Moya Albaladejo, Jose Antonio"]
[Black "Fernandez Calzada, Juan A"]
[Result "1-0"]
[WhiteElo "1925"]
[BlackElo "1799"]
[PlyCount "28"]
[EventDate "2017.08.01"]
[EventType "swiss"]
[EventRounds "9"]
[EventCountry "ESP"]
[SourceTitle "Ajedrez en Madrid"]
[Source "lmi"]
[SourceDate "2017.08.01"]
[SourceVersion "1"]
[SourceVersionDate "2017.08.11"]
[SourceQuality "1"]

1. e4 g6 2. d4 Bg7 3. Nc3 a6 4. f4 d6 5. Nf3 Nd7 6. e5 e6 7. Bd3 Ne7 8. O-O d5
9. Ne2 c5 10. c3 O-O 11. a3 b5 12. b4 cxd4 13. cxd4 Nb6 14. g4 f5 1-0